00654nam a2200181 a 4500003000400000005001700004008004100021017004500062020001800107040002300125100002200148245014000170260003100310300002500341600004100366650003000407700003500437OSt20140626182548.0 s2014 spc|||||||||| 0|0 0|spa|d aDL B. 2090-2014bBiblioteca de Catalunya a9788433926029 aES-BaBCbcatcCDMR1 aSala, Rosad1969-13aEl Marqués y la esvásticab: César González-Ruano y los judíos en el París ocupado cRosa Sala Rose, Plàcid Garcia-Planas aBarcelona bAnagramac2014 a501 p. bil. c22 cm14aGonzález-Ruano, Césard1903-1965 7aNacionalsocialisme2lemac1 aGarcia-Planas, Plàcidd1962-